书目信息 |
| 题名: |
牛津学生实用英汉词典
|
|
| 作者: | 艾伦 主编 ;张秦 , 黄燕 , 彭慧 编译 | |
| 分册: | ||
| 出版信息: | 成都 四川辞书出版社 2021.05 |
|
| 页数: | 14, 857页 | |
| 开本: | 19cm | |
| 丛书名: | ||
| 单 册: | ||
| 中图分类: | H316 | |
| 科图分类: | ||
| 主题词: | ||
| 电子资源: | ||
| ISBN: | 978-7-5579-0801-0 | |
| 000 | 01178nam0 2200241 450 | |
| 001 | 011025153702 | |
| 005 | 20221025153702.0 | |
| 010 | @a978-7-5579-0801-0@b精装@dCNY58.00 | |
| 100 | @a20201004e20222021em y0chiy0120 ea | |
| 101 | 1 | @achi@ceng |
| 102 | @aCN@b510000 | |
| 105 | @ay z 000yy | |
| 106 | @ar | |
| 200 | 1 | @a牛津学生实用英汉词典@Aniu jin xue sheng shi yong ying han ci dian@e50000单词和短语@f(美) Robert Allen主编@g张秦, 黄燕, 彭慧等编译 |
| 210 | @a成都@c四川辞书出版社@d2021.05@h2022.01 | |
| 215 | @a14, 857页@d19cm | |
| 330 | @a本书稿是从牛津大学出版社引进的一部针对学生的英语词典。该词典的内容适合初中、高中及大中专学生使用,释义简明易懂。词汇量大,甚至收录了一些为成人编写的词典中都不易找到的专业学科的术语。此外,这本词典还涵盖了许多广为使用的新词,特别是信息技术方面的词语。此外,本词典的最大特色是每一个单词后均有词源,由此展现单词的历史背景及发展沿革,便于学生及其他使用者了解单词的产生方式及组合方式,有助于学生对单词的记忆。 | |
| 690 | @aH316@v5 | |
| 701 | 0 | @c(美)@a艾伦@Aai lun@g(Allen, Robert)@4主编 |
| 702 | 0 | @a张秦@Azhang qin@4编译 |
| 702 | 0 | @a黄燕@Ahuang yan@4编译 |
| 702 | 0 | @a彭慧@Apeng hui@4编译 |
| 905 | @a河南城建学院图书馆@dH316@e985 | |
| 牛津学生实用英汉词典:50000单词和短语/(美) Robert Allen主编/张秦, 黄燕, 彭慧等编译.-成都:四川辞书出版社,2021.05(2022.01) |
| 14, 857页;19cm |
| ISBN 978-7-5579-0801-0(精装):CNY58.00 |
| 本书稿是从牛津大学出版社引进的一部针对学生的英语词典。该词典的内容适合初中、高中及大中专学生使用,释义简明易懂。词汇量大,甚至收录了一些为成人编写的词典中都不易找到的专业学科的术语。此外,这本词典还涵盖了许多广为使用的新词,特别是信息技术方面的词语。此外,本词典的最大特色是每一个单词后均有词源,由此展现单词的历史背景及发展沿革,便于学生及其他使用者了解单词的产生方式及组合方式,有助于学生对单词的记忆。 |
| ● |
| 相关链接 |
|
|
|
正题名:牛津学生实用英汉词典
索取号:H316/985
 
预约/预借
| 序号 | 登录号 | 条形码 | 馆藏地/架位号 | 状态 | 备注 |
| 1 | 1589068 | 215890686 | 语言库209/209语言库 40排3列5层/ [索取号:H316/985] | 在馆 | |
| 2 | 1589069 | 215890695 | 语言库209/209语言库 40排3列5层/ [索取号:H316/985] | 在馆 |